| 000 | 00889nam a22002537a 4500 | ||
|---|---|---|---|
| 005 | 2009090403213.0 | ||
| 008 | 090903t xxu||||| |||| 00| 0 eng d | ||
| 010 | _aB-357012 | ||
| 020 |
_a9788178127682 _c45.00 |
||
| 035 | _aB-357012 | ||
| 037 | _bDBAD / PUB | ||
| 040 |
_adpl _bEnglish |
||
| 082 | _aS | ||
| 245 |
_aThe foolish mice / _cedited by Anjani Gupta |
||
| 260 |
_aNew Delhi _bLittle Scholarz _c2009 |
||
| 270 |
_a12-H, New Daryaganj Road, Opp. Traffic Kotwali, _bNew Delhi _e110002 |
||
| 300 |
_aunpaged _bcol. ill. _c28cm(pbk) |
||
| 490 | _aTales from Panchtantra | ||
| 500 | _aLarge print reader | ||
| 650 | _aChildren stories, English | ||
| 700 | _aGupta, Anjani | ||
| 942 |
_2ddc _cCH _hS _mFOO |
||
| 999 |
_c30023 _d30023 |
||